|
|
|
|
| LEADER |
00000nam a22000007a 4500 |
| 005 |
20220921011225.0 |
| 007 |
cr|||| |||| |
| 008 |
220921s2022 cl |||||s|||| 00||0 spa d |
| 020 |
|
|
|a 956–286–052-3
|
| 035 |
|
|
|a 37264
|
| 040 |
|
|
|a vLex
|
| 090 |
|
|
|c 14009
|d 14009
|
| 100 |
1 |
|
|a Cornejo Manrq̕uez, Anb̕al
|
| 245 |
1 |
0 |
|a Derecho Procesal Civil
|h [Recurso electrn̤ico] :
|b Resm︢enes y Esquemas (actualizado por el profesor Eric Chv̀ez Chv̀ez) /
|c Anb̕al Cornejo Manrq̕uez
|
| 250 |
|
|
|a 10ma. Edicin̤
|
| 256 |
|
|
|a Servicio en ln̕ea
|
| 260 |
|
|
|a Santiago de Chile:
|b Corman Editores Jurd̕icos,
|c 2022
|
| 300 |
|
|
|a 1 recurso electrn̤ico
|
| 500 |
|
|
|a El aprendizaje, como ya sabemos, es un proceso no exento de dificultades, en el que influyen varios factores. Los ms̀ importantes, segn︢ recientes investigaciones hechas por educadores y psicl̤ogos, dicen relacin̤ con el poder sintetizar materias y esquematizarlas para as ̕clarificar ideas. De esta manera se reduce a třminos ms̀ breves y precisos lo esencial del tema a elegido, ayudǹdose el usuario, adems̀, con los cuadros sinp̤ticos que hacen posible una representacin̤ grf̀ica del texto, lo cual posibilita captar con un simple vistazo el contenido y ordenamiento de las ideas que se le ofrecen, convirtiňdose en el artf̕ice de un verdadero mapa de sus propios conocimientos. La organizacin̤ conceptual y el orden de ideas, en relaciones que van desde las ms̀ generales a las ms̀ especf̕icas, unido a esquemas donde se precisan los puntos fundamentales de aquellos contenidos en estudio, permiten, sin duda, obtener una p̤tima visin̤ global del curso o ramo que se prepara, agilizando la comprensin̤, fijacin̤ y relacin̤ de conocimientos, se entiende ya adquiridos mediante apuntes, textos y las insustituibles exposiciones acadm̌icas del profesor. Es as ̕como estas importantes directrices del aprendizaje, han dado origen, en su conjunto, a la 10® edicin̤ actualizada de la obra “DERECHO PROCESAL CIVIL. RESÚMENES Y ESQUEMAS”; complets̕imo material de estudio para el alumno (pruebas, controles escritos u orales), egresado de Derecho (Examen de Grado), y postulante a la Academia Judicial.
|
| 506 |
1 |
|
|a Disponible solo en los productos indicados
|d vLex Global
|d vLex Global (Academic Edition, excluding Law Schools)
|d vLex Global (U.S. Academic Edition, Law Schools)
|d vLex Global (U.S. Academic Edition, excluding Law Schools)
|d vLex Global (Academic Edition, Law Schools)
|
| 650 |
0 |
4 |
|a Derecho Procesal
|z Chile
|
| 650 |
0 |
4 |
|a Procedimiento Civil
|z Chile
|
| 740 |
0 |
|
|a vLex Libros (Servicio en ln̕ea)
|
| 856 |
4 |
0 |
|u https://app.vlex.com/#/sources/37264
|z Acceso restringido
|
| 942 |
|
|
|c BOOK
|
| 999 |
0 |
|
|a Procedural Law
|
| 999 |
0 |
|
|a Civil Procedure
|